000 00899nam a2200253Ia 4500
003 OSt
005 20221005113137.0
006 a|||||r|||| 00| 0
007 ta
008 221004b |||||||| |||| 00| 0 pan d
020 _a9788175993631 (hbk)
_cINR 400.00
024 _a64903
037 _bSP/5335, 28/01/2020, Star Publications Pvt. Ltd.
_cTextual
040 _aCRL
_cCRL
_bpan
041 _2pan
_apan
082 _aO153,3N332x, Q9
100 _aਸੁਖਬੀਰ, ਂਚ.
245 0 _aਆਰਸੀ ਤੇ ਸੁੁਖਬੀਰ
260 _aਨਵੀ
_bਦਿੱਲੀ ਨਵਯੁਗ ਪਬਲਿFਰਗ਼ ਭਾਰਤ
_c2019
300 _a231ਪ੍ਰ0
_ccm.
650 _aਪੰਜਾਬੀ ਸਾਹਿਤ
942 _hO153,3N332x, Q9
_cTEXL
_2cc
999 _c1027179
_d1027179